| 000 | 01176cad a22002535a 4500 | ||
|---|---|---|---|
| 001 | E148439 | ||
| 008 | 090918e20090821xxkd f s 000 0 eng d | ||
| 035 | _a(Sirsi) u148439 | ||
| 041 | 0 | _aeng | |
| 050 | 0 | 4 | _a333.33 $2 18 |
| 110 | 2 |
_aRoyal Institution of Chartered Surveyors _bEconomics _95033 |
|
| 245 | 0 | 0 |
_aRICS global real estate weekly _b21 August 2009 _h[electronic resource] |
| 260 |
_aLondon _bRICS _c2009 |
||
| 490 | 0 |
_aRICS Global Real Estate Weekly _v21 August 2009 |
|
| 520 | _aReports that Spanish housing market activity shows signs of stabilisation, and discusses the New Zealand housing market. Suggests that Danish homebuilders' sentiment will remain weak, and explains that activity is improving, although prices are falling, in the US housing market. | ||
| 521 | _aAdvanced | ||
| 590 | _aKA | ||
| 650 | 2 | 4 | _aRICS GLOBAL REAL ESTATE WEEKLY |
| 651 | 4 | _aInternational | |
| 690 | _aBUILT ENVIRONMENT-CONSTRUCTION MARKET | ||
| 690 | _aPROPERTY-COMMERCIAL PROPERTY-COMMERCIAL PROPERTY MARKET | ||
| 856 | 4 | 0 |
_uhttps://www.rics.org/site/scripts/download_info.aspx?fileID=3842&categoryID=419 _zView this item free of charge at www.rics.org... |
| 942 | _n0 | ||
| 999 |
_c110052 _d110052 |
||